000 00952cab a2200217 4500
001 X90081
008 090401t1998 xxu||||| |||| 00| 0 eng d
035 _a(Sirsi) u84534
041 _aeng
245 _aEast Northamptonshire DC and Measures Farm Ltd
260 _c1998
350 _a0
490 _aPlanning Appeal Decisions
_v[1998] 13 PAD 32-40(9)
520 _aPoultry rearing - erection of buildings - effect on highway safety - effect on use of lane as a bridleway - structure and local plans - open countryside - vehicle movements for turkey rearing - bridleway might change in future to a BOAT - building not out of keeping with rural area - development in accordance with development plan policies - conditions. HEADNOTE FROM JOURNAL.
650 _aBOAT
650 _aEAST NORTHAMPTONSHIRE DC AND MEASURES FARMS LTD
650 _aPOULTRY FARMS
690 _aPLANNING LAW AND PRACTICE-CASE LAW
942 _n0
948 _c26/02/1998
999 _c53125
_d53125